|
|
|
|
| LEADER |
00921nam a22002532a 4500 |
| 001 |
001251460 |
| 003 |
CZ BrMZK |
| 005 |
20120924102935.0 |
| 007 |
ta |
| 008 |
120924s1974 xo er|||||||||||slo d |
| 040 |
|
|
|a ABA001
|b cze
|c ABA001
|d BOA001
|
| 100 |
1 |
|
|a Háčik, Vladimír,
|d 1929-
|7 xx0019301
|4 aut
|
| 245 |
1 |
0 |
|a Peňažný obeh a úver /
|c Vladimír Háčik, P. Gallo a G. Thomas
|
| 250 |
|
|
|a 1. vyd.
|
| 260 |
|
|
|a Bratislava :
|b Vysoká škola ekonomická,
|c 1974
|
| 300 |
|
|
|a 489 s.
|
| 490 |
1 |
|
|a Vysoká škola ekonomická v Bratislave. Vysokoškolské učebné texty
|
| 700 |
1 |
|
|a Thomas, G.
|4 aut
|
| 700 |
1 |
|
|a Gallo, Pavol
|7 jx20040806005
|4 aut
|
| 830 |
|
0 |
|a Vysoká škola ekonomická v Bratislave.
|t Vysokoškolské učebné texty
|0 s
|
| 910 |
|
|
|a BOA001
|b 2-0719.107
|
| 990 |
|
|
|a BK
|
| 991 |
|
|
|b 201209
|
| 996 |
7 |
|
|b 2619654637
|c 2-0719.107
|l Sklad H1
|r Sklad / do 24 hodin
|n 1
|h HS212
|w 001285538
|u 000010
|a 1
|e BOA001
|j MZK50
|s A
|